[Event "Koge Bugt Summer"]
[Site "Solrod"]
[Date "2011.09.14"]
[Round "5.10"]
[White "Kieldsen, Seier"]
[Black "Jorgensen, Leif"]
[Result "0-1"]
[WhiteElo "1000"]
[BlackElo "1412"]
[PlyCount "96"]
[EventDate "2011.08.17"]
[EventType "swiss"]
[EventRounds "7"]
[EventCountry "DEN"]
[SourceTitle "EXT 2023"]
[Source "ChessBase"]
[SourceDate "2022.10.05"]
[SourceVersion "1"]
[SourceVersionDate "2022.10.05"]
[SourceQuality "1"]

1. d4 d5 2. Bf4 Nf6 3. e3 Nc6 4. Nc3 Bf5 5. Bd3 Bxd3 6. Qxd3 e6 7. Nf3 Bd6 8. Be5 Bxe5 9. Nxe5 Nxe5 10. dxe5 Nd7 11. Qb5 b6 12. e4 0-0 13. 0-0-0 Qg5+ 14. Kb1 Nxe5 15. exd5 a6 16. Qe2 Rfe8 17. g3 Qf5 18. f4 Ng6 19. Qf3 Rad8 20. Rhe1 e5 21. Re4 exf4 22. gxf4 Rxe4 23. Qxe4 Qxe4 24. Nxe4 Nxf4 25. c4 f5 26. Rf1 Nxd5 27. cxd5 fxe4 28. Rf5 e3 29. Re5 e2 30. Rxe2 Rxd5 31. Kc2 Rd7 32. Kc3 Kf7 33. b4 Re7 34. Rd2 g5 35. a4 h5 36. a5 bxa5 37. bxa5 Kf6 38. Rf2+ Kg6 39. Kc4 h4 40. h3 Re3 41. Rf8 Rxh3 42. Ra8 Ra3 43. Rxa6+ Kf5 44. Kb4 Ra1 45. Rc6 h3 46. Rh6 g4 47. a6 Kf4 48. Kb5 Kg3 0-1

[Event "Koge Bugt Spring"]
[Site "Solrod"]
[Date "2011.05.25"]
[Round "7.7"]
[White "Hald, Morten Hansen"]
[Black "Jorgensen, Leif"]
[Result "1/2-1/2"]
[WhiteElo "1651"]
[BlackElo "1700"]
[PlyCount "69"]
[EventDate "2011.03.30"]
[EventType "swiss"]
[EventRounds "7"]
[EventCountry "DEN"]
[SourceTitle "EXT 2023"]
[Source "ChessBase"]
[SourceDate "2022.10.05"]
[SourceVersion "1"]
[SourceVersionDate "2022.10.05"]
[SourceQuality "1"]

1. e4 c6 2. d4 d5 3. Nc3 e6 4. e5 Bb4 5. Qg4 Bf8 6. Bd3 h5 7. Qg5 Qxg5 8. Bxg5 f6 9. Bg6+ Ke7 10. exf6+ gxf6 11. Bf4 Bh6 12. Nge2 Nd7 13. Bg3 Bg7 14. Bh4 Kd6 15. Bg3+ e5 16. dxe5+ fxe5 17. h4 Kc5 18. f3 Nf8 19. Bd3 b5 20. Nc1 Kb6 21. b4 e4 22. Kd2 e3+ 23. Kxe3 Bxc3 24. Rb1 Ne7 25. Bf2 Kb7 26. Nb3 Bxb4 27. a4 Nf5+ 28. Ke2 a6 29. Nd4 Nxd4+ 30. Bxd4 Rg8 31. Rxb4 Rxg2+ 32. Kf1 Rg8 33. a5 Ne6 34. Be3 Bd7 35. Kf2 1/2-1/2

[Event "Koge Bugt Spring"]
[Site "Solrod"]
[Date "2011.05.11"]
[Round "5.6"]
[White "Jorgensen, Leif"]
[Black "Ambirk, Jan Robert"]
[Result "0-1"]
[WhiteElo "1700"]
[BlackElo "1826"]
[PlyCount "84"]
[EventDate "2011.03.30"]
[EventType "swiss"]
[EventRounds "7"]
[EventCountry "DEN"]
[SourceTitle "EXT 2023"]
[Source "ChessBase"]
[SourceDate "2022.10.05"]
[SourceVersion "1"]
[SourceVersionDate "2022.10.05"]
[SourceQuality "1"]

1. e4 e5 2. Nf3 Nc6 3. Bc4 Nf6 4. Ng5 d5 5. exd5 Na5 6. Qe2 Nxc4 7. Qxc4 h6 8. Nf3 e4 9. Nd4 Bd6 10. Nc3 0-0 11. d3 exd3 12. Qxd3 Re8+ 13. Nde2 Ng4 14. h3 Ne5 15. Qg3 Bf5 16. f4 Be7 17. 0-0 Bh4 18. Qh2 Nc4 19. Nd4 Bh7 20. Nf3 Bf6 21. Bd2 Qd6 22. Kh1 Nxd2 23. Nxd2 Bxc3 24. bxc3 Re2 25. Nf3 Qxd5 26. Rad1 Qc6 27. Nd4 Qe8 28. Nxe2 Qxe2 29. f5 Bxf5 30. Qf4 Be6 31. Qxc7 Bd5 32. Qg3 Bxa2 33. Qf2 Qxf2 34. Rxf2 Be6 35. Rb1 b6 36. Rf4 Rc8 37. Rf3 a5 38. Rxb6 a4 39. Rb4 a3 40. Ra4 a2 41. Rf1 Rb8 42. Kh2 Rb1 0-1

[Event "Koge Bugt Winter"]
[Site "Solrod"]
[Date "2011.02.16"]
[Round "4"]
[White "Jorgensen, Leif"]
[Black "Kristensen, Benny"]
[Result "1/2-1/2"]
[WhiteElo "1704"]
[BlackElo "1633"]
[PlyCount "99"]
[EventDate "2011.01.12"]
[EventType "swiss"]
[EventRounds "7"]
[EventCountry "DEN"]
[SourceTitle "EXT 2023"]
[Source "ChessBase"]
[SourceDate "2022.10.05"]
[SourceVersion "1"]
[SourceVersionDate "2022.10.05"]
[SourceQuality "1"]

1. g4 d5 2. Bg2 e6 3. c4 c5 4. Qb3 dxc4 5. Qxc4 Nc6 6. Nf3 Nf6 7. h3 Bd7 8. Nc3 a6 9. e4 b5 10. Qe2 Qc7 11. d3 Rc8 12. Be3 b4 13. Nd1 e5 14. Rc1 Qa5 15. b3 Bd6 16. Qc2 0-0 17. Nd2 Nd4 18. Qb2 Be6 19. Nc4 Bxc4 20. Rxc4 Qb5 21. Qd2 a5 22. Nb2 Nd7 23. Na4 Nb6 24. Nxb6 Qxb6 25. 0-0 Nb5 26. Ra1 Rc7 27. Bf1 Ra8 28. Be2 Nc3 29. Kf1 a4 30. Bd1 Nxd1 31. Qxd1 axb3 32. Qxb3 Ra3 33. Qb1 Be7 34. Bc1 Ra6 35. Qb3 h6 36. Bb2 Qf6 37. Qd1 Qf4 38. Kg2 Rg6 39. Bc1 Qf6 40. Qf3 Qe6 41. Qf5 Qxf5 42. exf5 Rd6 43. Bd2 Rxd3 44. Bxb4 Rd4 45. Rac1 Rxc4 46. Rxc4 Rd7 47. Bc3 e4 48. Rxe4 Kf8 49. a4 f6 50. a5 1/2-1/2

[Event "Koge Bugt Winter"]
[Site "Solrod"]
[Date "2011.01.26"]
[Round "2"]
[White "Jorgensen, Leif"]
[Black "Hald, Morten Hansen"]
[Result "1-0"]
[WhiteElo "1704"]
[BlackElo "1450"]
[PlyCount "69"]
[EventDate "2011.01.12"]
[EventType "swiss"]
[EventRounds "7"]
[EventCountry "DEN"]
[SourceTitle "EXT 2023"]
[Source "ChessBase"]
[SourceDate "2022.10.05"]
[SourceVersion "1"]
[SourceVersionDate "2022.10.05"]
[SourceQuality "1"]

1. e4 e5 2. Nf3 Nc6 3. Bc4 Nd4 4. 0-0 Qf6 5. Nxd4 exd4 6. d3 d6 7. f4 Be6 8. Bxe6 Qxe6 9. c3 dxc3 10. Nxc3 0-0-0 11. Qc2 Ne7 12. Be3 Nc6 13. Nd5 f5 14. Qc4 Re8 15. Bxa7 fxe4 16. Rfe1 Qd7 17. Bb6 e3 18. Bxc7 Qf5 19. Bb6 e2 20. Rac1 Kb8 21. Rc2 Qe6 22. Ne3 Qxc4 23. Rxc4 g6 24. Rxe2 d5 25. Rcc2 Nb4 26. Nxd5 Bd6 27. Rxe8+ Rxe8 28. Nxb4 Bxb4 29. Bc7+ Ka7 30. Rc4 Re1+ 31. Kf2 Re7 32. Be5 Ba5 33. Ra4 Ka6 34. b4 Kb5 35. Rxa5+ 1-0

[Event "Southcoast Autumn E"]
[Site "Greve"]
[Date "1999.10.24"]
[Round "4"]
[White "Jorgensen, Leif"]
[Black "Holst, Thorsten"]
[Result "1/2-1/2"]
[WhiteElo "1439"]
[BlackElo "1350"]
[PlyCount "119"]
[EventDate "1999.10.22"]
[EventType "tourn"]
[EventRounds "5"]
[EventCountry "DEN"]
[SourceTitle "EXT 2023"]
[Source "ChessBase"]
[SourceDate "2022.10.05"]
[SourceVersion "1"]
[SourceVersionDate "2022.10.05"]
[SourceQuality "1"]

1. g4 d5 2. Bg2 Bxg4 3. c4 c6 4. Qb3 Qb6 5. cxd5 Qxb3 6. axb3 cxd5 7. Bxd5 Nc6 8. Bxc6+ bxc6 9. d3 e6 10. Nc3 Nf6 11. Ra6 Nd5 12. Rxc6 Be7 13. Nxd5 exd5 14. Ra6 0-0 15. f3 Be6 16. e4 Rac8 17. Ne2 Bh4+ 18. Kd2 dxe4 19. Ra4 exd3 20. Rxh4 dxe2 21. Kxe2 Rc2+ 22. Kd3 Rfc8 23. Rd4 g5 24. Bxg5 Bf5+ 25. Ke3 Rxb2 26. Kf4 Bg6 27. Bf6 Re2 28. Rhd1 Rce8 29. Rd7 R2e6 30. Bd4 Bc2 31. Ra1 Bxb3 32. Raxa7 Rh6 33. Re7 Rh4+ 34. Kg5 Rxd4 35. Rxe8+ Kg7 36. h4 h6+ 37. Kf5 Bc2+ 38. Ke5 Rxh4 39. Ree7 Bb3 40. Ra1 Kf8 41. Rc7 Be6 42. f4 Rh5+ 43. Ke4 Bd5+ 44. Kd4 Be6 45. Raa7 Rf5 46. Ke3 h5 47. Rc2 h4 48. Rh2 Rh5 49. Ra4 h3 50. Kf2 Ke7 51. Re4 Kf6 52. Kg3 Rh8 53. Rb4 Rg8+ 54. Kf2 Rc8 55. Ke3 Rc3+ 56. Kd2 Rg3 57. Ke2 Rg2+ 58. Rxg2 hxg2 59. Kf2 Bd5 60. Kg1 1/2-1/2

[Event "Southcoast Autumn E"]
[Site "Greve"]
[Date "1999.10.22"]
[Round "1"]
[White "Jorgensen, Leif"]
[Black "Andersen, Nick Brix"]
[Result "0-1"]
[WhiteElo "1439"]
[BlackElo "1337"]
[PlyCount "74"]
[EventDate "1999.10.22"]
[EventType "tourn"]
[EventRounds "5"]
[EventCountry "DEN"]
[SourceTitle "EXT 2023"]
[Source "ChessBase"]
[SourceDate "2022.10.05"]
[SourceVersion "1"]
[SourceVersionDate "2022.10.05"]
[SourceQuality "1"]

1. e4 d5 2. exd5 Nf6 3. c4 e6 4. Nc3 exd5 5. d4 Be6 6. c5 Be7 7. Nf3 0-0 8. Bd3 Nc6 9. h3 Re8 10. Bg5 a6 11. Ne2 Nd7 12. Be3 Bf6 13. a3 Ne7 14. Qc2 g6 15. g4 b5 16. g5 Bg7 17. 0-0-0 Bf5 18. Ng3 Bxd3 19. Qxd3 Rb8 20. h4 a5 21. h5 a4 22. hxg6 hxg6 23. Nh5 gxh5 24. Rxh5 Ng6 25. Nh4 Ndf8 26. Rh1 Nxh4 27. R1xh4 Re4 28. f4 Qe7 29. Kd2 Re8 30. Rh3 Qe6 31. Rf3 Qg6 32. Rhh3 Qf5 33. Kc3 Ne6 34. Qxb5 Nxd4 35. Bxd4 Bxd4+ 36. Kb4 Bxb2+ 37. Ka5 Ra8+ 0-1

[Event "Koge Bugt C"]
[Site "Solrod"]
[Date "1999.09.28"]
[Round "6"]
[White "Jorgensen, Peter"]
[Black "Jorgensen, Leif"]
[Result "1-0"]
[WhiteElo "1228"]
[BlackElo "1439"]
[PlyCount "67"]
[EventDate "1999.08.24"]
[EventType "tourn"]
[EventRounds "7"]
[EventCountry "DEN"]
[SourceTitle "EXT 2023"]
[Source "ChessBase"]
[SourceDate "2022.10.05"]
[SourceVersion "1"]
[SourceVersionDate "2022.10.05"]
[SourceQuality "1"]

1. d4 Nf6 2. c4 e6 3. Nc3 Bb4 4. Nf3 d5 5. e3 Bxc3+ 6. bxc3 c6 7. Rb1 Ne4 8. Qc2 Nd7 9. cxd5 exd5 10. c4 Ndf6 11. cxd5 Qxd5 12. Bc4 Qf5 13. Ne5 0-0 14. Ba3 Nxf2 15. Qxf5 Bxf5 16. Kxf2 Bxb1 17. Bxf8 Kxf8 18. Rxb1 Ne4+ 19. Ke1 Nd6 20. Bd3 g6 21. Nc4 Nb5 22. Na5 Nc3 23. Rxb7 Nxa2 24. Nxc6 a5 25. Ra7 Rxa7 26. Nxa7 Nb4 27. Kd2 Ke7 28. Bb5 f5 29. Nc6+ Nxc6 30. Bxc6 Kd6 31. d5 g5 32. Kd3 h5 33. e4 fxe4+ 34. Kxe4 1-0